00774 2200289 4500001002100000005001500021035002000036007000300056008004100059040001700100100002200117245005300139250001300192300003700205020001800242041000800260082001100268084001700279090002200296260003700318600001700355850001000372990002700382990002400409990002400433990002700457INLIS00000000000338420260417083147 a0010-0521000021ta260417 0  aSBPUPADbInd0 aTaliziduhu Ndraha1 aPengantar Teori Pengembngan /cTaliziduhu Ndraha a--Cet--1 axiii, 323 hlm. :bilus. ;c20 cm a979-518-749-x aInd a351. 1 a351. 1 TAL p a351. 1 TAL p 11-9 a--Jakarta :bRineka Cipta,c2002 4aPengembangan aPUPAD a6852/Br/ARPUS-PDG/2007 a6873/ARPUS-PDG-2007 a6898/ARPUS-PDG-2007 a6852/Br/ARPUS-PDG/2007